000 00368nam a2200145Ia 4500
008 230917s9999||||xx |||||||||||||| ||und||
040 _e42645
_aMAIN
041 _aEnglish
082 _a820.9 S43E
100 _aStephen, Leslie
245 0 _aEnglish literature and society in the 18th century
260 _aLondon
_bMethuen
_c1963
300 _a132 p.
942 _cBK
999 _c223963
_d223963